[Event "FIDE World Cup 2025"]
[Site "Goa, India"]
[Date "2025.11.01"]
[Round "1.15"]
[White "Efimov, Igor"]
[Black "Gurel, Ediz"]
[Result "0-1"]
[TimeControl ": 90 minutes for the first 40 moves, followed by 30 minutes for the rest of the gamewith an increment of 30 seconds per move starting from move 1"]
[WhiteFideId "806404"]
[BlackFideId "44507356"]
[WhiteElo "2331"]
[BlackElo "2634"]

1. Nf3 {[%clk 01:30:47]} {[%emt 00:00:11]} d5 {[%clk 01:30:48]} {[%emt
00:00:13]} 2. e3 {[%clk 01:31:02]} {[%emt 00:00:15]} Nf6 {[%clk 01:30:12]}
{[%emt 00:01:06]} 3. c4 {[%clk 01:26:32]} {[%emt 00:05:01]} e6 {[%clk
01:29:54]} {[%emt 00:00:47]} 4. Nc3 {[%clk 01:22:52]} {[%emt 00:04:10]} c6
{[%clk 01:28:46]} {[%emt 00:01:39]} 5. b3 {[%clk 01:15:32]} {[%emt 00:07:49]}
Nbd7 {[%clk 01:28:16]} {[%emt 00:00:59]} 6. Bb2 {[%clk 01:14:11]} {[%emt
00:01:52]} Bd6 {[%clk 01:13:37]} {[%emt 00:15:10]} 7. Rc1 {[%clk 01:06:50]}
{[%emt 00:07:50]} O-O {[%clk 01:04:46]} {[%emt 00:09:22]} 8. Be2 {[%clk
01:00:23]} {[%emt 00:06:55]} b6 {[%clk 01:02:38]} {[%emt 00:02:39]} 9. O-O
{[%clk 00:54:48]} {[%emt 00:06:04]} Bb7 {[%clk 01:02:55]} {[%emt 00:00:14]} 10.
d4 {[%clk 00:52:11]} {[%emt 00:03:06]} Re8 {[%clk 00:58:33]} {[%emt 00:04:53]}
11. Rc2 {[%clk 00:47:12]} {[%emt 00:05:28]} Rc8 {[%clk 00:56:40]} {[%emt
00:02:24]} 12. Qa1 {[%clk 00:46:29]} {[%emt 00:01:14]} Qe7 {[%clk 00:55:55]}
{[%emt 00:01:15]} 13. a4 {[%clk 00:44:29]} {[%emt 00:02:29]} c5 {[%clk
00:47:16]} {[%emt 00:09:10]} 14. cxd5 {[%clk 00:39:57]} {[%emt 00:05:01]} Nxd5
{[%clk 00:43:48]} {[%emt 00:03:58]} 15. Nxd5 {[%clk 00:40:06]} {[%emt
00:00:21]} Bxd5 {[%clk 00:44:12]} {[%emt 00:00:06]} 16. Rd2 {[%clk 00:21:35]}
{[%emt 00:19:00]} Red8 {[%clk 00:32:14]} {[%emt 00:12:30]} 17. Bd1 {[%clk
00:17:56]} {[%emt 00:04:08]} Nf6 {[%clk 00:24:03]} {[%emt 00:08:42]} 18. dxc5
{[%clk 00:15:49]} {[%emt 00:02:37]} bxc5 {[%clk 00:23:13]} {[%emt 00:01:19]} 19.
Ne5 {[%clk 00:12:44]} {[%emt 00:03:35]} Ne4 {[%clk 00:19:28]} {[%emt 00:04:16]}
20. Re2 {[%clk 00:13:02]} {[%emt 00:00:12]} f6 {[%clk 00:13:27]} {[%emt
00:06:31]} 21. Nc4 {[%emt 00:00:44]} Bb8 {[%clk 00:13:50]} 22. f3 {[%clk
00:12:34]} {[%emt 00:00:51]} Bxc4 {[%clk 00:13:26]} {[%emt 00:00:55]} 23. bxc4
{[%clk 00:13:01]} {[%emt 00:00:02]} Nd2 {[%clk 00:13:50]} {[%emt 00:00:05]} 24.
Rff2 {[%clk 00:11:20]} {[%emt 00:02:12]} Nxc4 {[%clk 00:14:00]} {[%emt
00:00:20]} 25. Bc2 {[%clk 00:10:55]} {[%emt 00:00:54]} Nxb2 {[%clk 00:13:33]}
{[%emt 00:00:58]} 26. Qxb2 {[%clk 00:11:23]} {[%emt 00:00:02]} c4 {[%clk
00:13:53]} {[%emt 00:00:10]} 27. f4 {[%clk 00:11:31]} {[%emt 00:00:22]} Bc7
{[%clk 00:12:56]} {[%emt 00:01:27]} 28. Rf3 {[%clk 00:08:28]} {[%emt 00:03:32]}
Bb6 {[%clk 00:12:49]} {[%emt 00:00:37]} 29. Rh3 {[%clk 00:07:03]} {[%emt
00:01:55]} g6 {[%clk 00:12:47]} {[%emt 00:00:32]} 30. Qc3 {[%clk 00:07:19]}
{[%emt 00:00:14]} Rd5 {[%clk 00:11:05]} {[%emt 00:02:12]} 31. Qe1 {[%clk
00:06:45]} {[%emt 00:01:03]} Rcd8 {[%clk 00:09:29]} {[%emt 00:02:08]} 32. g4
{[%clk 00:06:25]} {[%emt 00:00:50]} Ba5 {[%clk 00:07:50]} {[%emt 00:02:09]} 33.
Qb1 {[%clk 00:05:05]} {[%emt 00:01:49]} f5 {[%clk 00:06:44]} {[%emt 00:01:36]}
34. Rg3 {[%clk 00:04:42]} {[%emt 00:00:53]} Bb6 {[%clk 00:06:37]} {[%emt
00:00:38]} 35. Qe1 {[%clk 00:02:38]} {[%emt 00:02:34]} Qc7 {[%clk 00:04:49]}
{[%emt 00:02:18]} 36. h4 {[%clk 00:02:46]} {[%emt 00:00:21]} Qxf4 {[%clk
00:04:52]} {[%emt 00:00:27]} 37. Kg2 {[%clk 00:02:57]} {[%emt 00:00:20]} Qd6
{[%clk 00:04:25]} {[%emt 00:00:57]} 38. h5 {[%clk 00:02:51]} {[%emt 00:00:35]}
Bc7 {[%clk 00:04:20]} {[%emt 00:00:35]} 39. e4 {[%clk 00:02:00]} {[%emt
00:01:22]} Rd2 {[%clk 00:04:28]} {[%emt 00:00:22]} 40. e5 {[%clk 00:02:04]}
{[%emt 00:00:26]} Qxe5 {[%clk 00:04:41]} {[%emt 00:00:17]} 0-1

[Event "FIDE World Cup 2025"]
[Site "Goa, India"]
[Date "2025.11.01"]
[Round "1.16"]
[White "Chigaev, Maksim"]
[Black "Elbilia, Jacques"]
[Result "1-0"]
[TimeControl ": 90 minutes for the first 40 moves, followed by 30 minutes for the rest of the gamewith an increment of 30 seconds per move starting from move 1"]
[WhiteFideId "4108116"]
[BlackFideId "9000127"]
[WhiteElo "2634"]
[BlackElo "2332"]

1. Nf3 {[%clk 01:30:39]} {[%emt 00:00:19]} Nf6 {[%clk 01:30:41]} {[%emt
00:00:20]} 2. c4 {[%clk 01:30:34]} {[%emt 00:00:36]} e6 {[%clk 01:30:58]}
{[%emt 00:00:13]} 3. g3 {[%clk 01:30:53]} {[%emt 00:00:10]} d5 {[%clk
01:31:05]} {[%emt 00:00:24]} 4. Bg2 {[%clk 01:31:13]} {[%emt 00:00:09]} Be7
{[%clk 01:30:55]} {[%emt 00:00:40]} 5. O-O {[%clk 01:31:00]} {[%emt 00:00:44]}
O-O {[%clk 01:31:16]} {[%emt 00:00:10]} 6. b3 {[%clk 01:30:35]} {[%emt
00:00:54]} d4 {[%clk 01:29:40]} {[%emt 00:02:05]} 7. e3 {[%clk 01:29:52]}
{[%emt 00:01:13]} c5 {[%clk 01:24:22]} {[%emt 00:05:50]} 8. Ne5 {[%clk
01:29:46]} {[%emt 00:00:34]} Qc7 {[%clk 01:16:08]} {[%emt 00:08:46]} 9. f4
{[%clk 01:30:02]} {[%emt 00:00:13]} Nbd7 {[%clk 01:10:08]} {[%emt 00:06:31]} 10.
Nd3 {[%clk 01:30:05]} {[%emt 00:00:25]} e5 {[%clk 01:03:11]} {[%emt 00:07:28]}
11. Na3 {[%clk 01:30:02]} {[%emt 00:00:34]} a6 {[%clk 01:01:01]} {[%emt
00:02:41]} 12. Bb2 {[%clk 01:29:01]} {[%emt 00:01:30]} Bd6 {[%clk 00:52:20]}
{[%emt 00:09:11]} 13. Nc2 {[%clk 01:25:01]} {[%emt 00:04:29]} Re8 {[%clk
00:45:40]} {[%emt 00:07:10]} 14. fxe5 {[%clk 01:11:24]} {[%emt 00:14:07]} Nxe5
{[%clk 00:46:02]} {[%emt 00:00:09]} 15. Nxe5 {[%clk 01:11:45]} {[%emt
00:00:08]} Bxe5 {[%clk 00:46:25]} {[%emt 00:00:08]} 16. exd4 {[%clk 01:12:06]}
{[%emt 00:00:08]} cxd4 {[%clk 00:43:51]} {[%emt 00:03:05]} 17. Qf3 {[%clk
01:11:00]} {[%emt 00:01:36]} Rb8 {[%clk 00:38:39]} {[%emt 00:05:42]} 18. Rae1
{[%clk 00:46:02]} {[%emt 00:25:27]} Bg4 {[%clk 00:34:52]} {[%emt 00:04:18]} 19.
Qf2 {[%clk 00:45:44]} {[%emt 00:00:48]} d3 {[%clk 00:33:12]} {[%emt 00:02:10]}
20. Bxe5 {[%clk 00:45:37]} {[%emt 00:00:37]} Rxe5 {[%clk 00:33:28]} {[%emt
00:00:13]} 21. Rxe5 {[%clk 00:45:45]} Qxe5 {[%clk 00:32:05]} {[%emt 00:02:16]}
22. Ne3 {[%clk 00:42:30]} {[%emt 00:03:44]} Be2 {[%clk 00:30:32]} {[%emt
00:02:04]} 23. Qf4 {[%clk 00:42:32]} {[%emt 00:00:27]} Re8 {[%clk 00:30:27]}
{[%emt 00:00:37]} 24. Qxe5 {[%clk 00:21:38]} {[%emt 00:21:23]} Rxe5 {[%clk
00:30:46]} {[%emt 00:00:10]} 25. Rxf6 {[%clk 00:21:51]} {[%emt 00:00:17]} gxf6
{[%clk 00:30:17]} {[%emt 00:00:59]} 26. Kf2 {[%clk 00:22:17]} {[%emt 00:00:05]}
b5 {[%clk 00:27:39]} {[%emt 00:03:08]} 27. cxb5 {[%clk 00:14:08]} {[%emt
00:08:39]} axb5 {[%clk 00:27:42]} {[%emt 00:00:27]} 28. a4 {[%clk 00:13:22]}
{[%emt 00:01:15]} bxa4 {[%clk 00:17:28]} {[%emt 00:10:45]} 29. bxa4 {[%clk
00:13:50]} {[%emt 00:00:02]} Rc5 {[%clk 00:15:14]} {[%emt 00:02:43]} 30. Nd5
{[%clk 00:07:23]} {[%emt 00:06:56]} Rc1 {[%clk 00:04:08]} {[%emt 00:11:37]} 31.
Nc3 {[%clk 00:05:36]} {[%emt 00:02:17]} Ra1 {[%clk 00:03:22]} {[%emt 00:01:16]}
32. Ke3 {[%clk 00:04:12]} {[%emt 00:01:54]} Kf8 {[%clk 00:03:34]} {[%emt
00:00:18]} 33. Be4 {[%clk 00:01:35]} {[%emt 00:03:05]} h6 {[%clk 00:03:50]}
{[%emt 00:00:16]} 34. Bxd3 {[%clk 00:00:45]} {[%emt 00:01:20]} Bxd3 {[%clk
00:04:14]} {[%emt 00:00:06]} 35. Kxd3 {[%clk 00:01:11]} {[%emt 00:00:04]} Rh1
{[%clk 00:04:09]} {[%emt 00:00:34]} 36. h4 {[%clk 00:01:07]} {[%emt 00:00:34]}
Rg1 {[%clk 00:04:26]} {[%emt 00:00:14]} 37. Kc4 {[%clk 00:00:59]} {[%emt
00:00:38]} Rxg3 {[%clk 00:04:17]} {[%emt 00:00:38]} 38. a5 {[%clk 00:01:25]}
{[%emt 00:00:05]} Ke7 {[%clk 00:04:26]} {[%emt 00:00:21]} 39. a6 {[%clk
00:01:26]} {[%emt 00:00:29]} Rg8 {[%clk 00:04:48]} {[%emt 00:00:08]} 40. Kc5
{[%clk 00:00:37]} {[%emt 00:01:19]} Kd7 {[%clk 00:04:30]} {[%emt 00:00:48]} 41.
Nd5 {[%clk 00:29:30]} {[%emt 00:01:37]} Rc8+ {[%clk 00:33:41]} {[%emt
00:01:20]} 42. Kb5 {[%clk 00:27:47]} {[%emt 00:02:11]} Rb8+ {[%clk 00:33:52]}
{[%emt 00:00:19]} 43. Ka5 {[%clk 00:18:35]} {[%emt 00:09:42]} Rb2 {[%clk
00:28:21]} {[%emt 00:06:01]} 44. a7 {[%clk 00:12:46]} {[%emt 00:06:19]} Ra2+
{[%clk 00:27:33]} {[%emt 00:01:17]} 45. Kb6 {[%clk 00:12:45]} {[%emt 00:00:31]}
Kd6 {[%clk 00:22:33]} {[%emt 00:05:30]} 46. Nb4 {[%clk 00:07:57]} {[%emt
00:05:18]} Rxa7 {[%clk 00:22:01]} {[%emt 00:01:03]} 47. Kxa7 {[%clk 00:08:25]}
{[%emt 00:00:03]} Kc5 {[%clk 00:21:05]} {[%emt 00:01:25]} 48. Nd3+ {[%clk
00:06:55]} {[%emt 00:01:59]} Kd5 {[%clk 00:14:13]} {[%emt 00:07:23]} 49. Nf2
{[%clk 00:05:53]} {[%emt 00:01:29]} f5 {[%clk 00:14:31]} {[%emt 00:00:15]} 50.
Kb6 {[%clk 00:06:16]} {[%emt 00:00:07]} f4 {[%clk 00:14:40]} {[%emt 00:00:20]}
51. Kc7 {[%clk 00:03:57]} {[%emt 00:02:49]} f3 {[%clk 00:14:20]} {[%emt
00:00:51]} 52. Kd7 {[%clk 00:04:21]} {[%emt 00:00:05]} f5 {[%clk 00:14:36]}
{[%emt 00:00:14]} 53. Ke7 {[%clk 00:04:39]} {[%emt 00:00:12]} Ke5 {[%clk
00:14:56]} {[%emt 00:00:10]} 54. h5 {[%clk 00:04:31]} {[%emt 00:00:38]} Kf4
{[%clk 00:15:01]} {[%emt 00:00:25]} 55. Kf6 {[%clk 00:04:43]} {[%emt 00:00:18]}
Kg3 {[%clk 00:15:22]} {[%emt 00:00:09]} 56. Nd1 {[%clk 00:05:09]} {[%emt
00:00:04]} f4 {[%clk 00:14:49]} {[%emt 00:01:04]} 57. Kf5 {[%clk 00:05:26]}
{[%emt 00:00:12]} 1-0

[Event "FIDE World Cup 2025"]
[Site "Goa, India"]
[Date "2025.11.01"]
[Round "1.17"]
[White "Kavin, Mohan"]
[Black "Hovhannisyan, Robert"]
[Result "1/2-1/2"]
[TimeControl ": 90 minutes for the first 40 moves, followed by 30 minutes for the rest of the gamewith an increment of 30 seconds per move starting from move 1"]
[WhiteFideId "5739047"]
[BlackFideId "13302507"]
[WhiteElo "2346"]
[BlackElo "2633"]

1. d4 {[%clk 01:30:57]} {[%emt 00:00:02]} Nf6 {[%clk 01:30:54]} {[%emt
00:00:06]} 2. c4 {[%clk 01:31:20]} {[%emt 00:00:07]} e6 {[%clk 01:31:18]}
{[%emt 00:00:07]} 3. Nf3 {[%clk 01:31:43]} {[%emt 00:00:07]} d5 {[%clk
01:30:55]} {[%emt 00:00:52]} 4. g3 {[%clk 01:32:02]} {[%emt 00:00:10]} dxc4
{[%clk 01:29:37]} {[%emt 00:01:50]} 5. Bg2 {[%clk 01:32:19]} {[%emt 00:00:13]}
Bb4+ {[%clk 01:29:35]} {[%emt 00:00:32]} 6. Bd2 {[%clk 01:32:38]} {[%emt
00:00:10]} a5 {[%clk 01:29:53]} {[%emt 00:00:13]} 7. Qc2 {[%clk 01:33:01]}
{[%emt 00:00:06]} Bxd2+ {[%clk 01:28:12]} {[%emt 00:02:11]} 8. Qxd2 {[%clk
01:32:52]} {[%emt 00:00:39]} c6 {[%clk 01:28:02]} {[%emt 00:00:41]} 9. a4
{[%clk 01:33:12]} {[%emt 00:00:09]} b5 {[%clk 01:25:38]} {[%emt 00:02:55]} 10.
axb5 {[%clk 01:33:31]} {[%emt 00:00:11]} cxb5 {[%clk 01:25:55]} {[%emt
00:00:13]} 11. Qg5 {[%clk 01:33:54]} {[%emt 00:00:06]} O-O {[%clk 01:25:22]}
{[%emt 00:01:04]} 12. Qxb5 {[%clk 01:34:19]} {[%emt 00:00:05]} Ba6 {[%clk
01:23:57]} {[%emt 00:01:54]} 13. Qa4 {[%clk 01:34:32]} {[%emt 00:00:17]} Qb6
{[%clk 01:20:58]} {[%emt 00:03:29]} 14. O-O {[%clk 01:34:30]} {[%emt 00:00:32]}
Qxb2 {[%clk 01:19:09]} {[%emt 00:02:20]} 15. Nbd2 {[%clk 01:34:48]} {[%emt
00:00:11]} Bb5 {[%clk 01:18:30]} {[%emt 00:01:09]} 16. Nxc4 {[%clk 01:35:10]}
{[%emt 00:00:09]} Bxa4 {[%clk 01:18:24]} {[%emt 00:00:36]} 17. Nxb2 {[%clk
01:35:32]} {[%emt 00:00:07]} Bb5 {[%clk 01:17:24]} {[%emt 00:01:31]} 18. Ne5
{[%clk 01:35:56]} {[%emt 00:00:05]} Ra7 {[%clk 01:16:39]} {[%emt 00:01:15]} 19.
Nbc4 {[%clk 01:36:18]} {[%emt 00:00:08]} Nbd7 {[%clk 01:14:01]} {[%emt
00:03:09]} 20. Nxa5 {[%clk 01:30:14]} {[%emt 00:06:34]} Bxe2 {[%clk 01:13:11]}
{[%emt 00:01:19]} 21. Rfe1 {[%clk 01:30:33]} {[%emt 00:00:10]} Bh5 {[%clk
01:10:57]} {[%emt 00:02:45]} 22. Nb7 {[%clk 01:25:19]} {[%emt 00:05:44]} Rfa8
{[%clk 01:01:37]} {[%emt 00:09:50]} 23. Rac1 {[%clk 01:01:08]} {[%emt
00:24:42]} Nxe5 {[%clk 00:42:22]} {[%emt 00:19:45]} 24. dxe5 {[%clk 01:00:19]}
{[%emt 00:01:18]} Nd5 {[%clk 00:42:42]} {[%emt 00:00:10]} 25. Nd6 {[%clk
00:59:23]} {[%emt 00:01:26]} h6 {[%clk 00:39:53]} {[%emt 00:03:19]} 26. h3
{[%clk 00:56:00]} {[%emt 00:03:53]} g5 {[%clk 00:34:17]} {[%emt 00:06:07]} 27.
Be4 {[%clk 00:34:40]} {[%emt 00:21:50]} Rb8 {[%clk 00:25:56]} {[%emt 00:08:51]}
28. Nf5 {[%clk 00:31:08]} {[%emt 00:04:01]} exf5 {[%clk 00:22:42]} {[%emt
00:03:44]} 29. Bxd5 {[%clk 00:31:26]} {[%emt 00:00:13]} Kg7 {[%clk 00:20:52]}
{[%emt 00:02:20]} 30. Rc6 {[%clk 00:28:54]} {[%emt 00:03:01]} Rd8 {[%clk
00:17:52]} {[%emt 00:03:30]} 31. Bb3 {[%clk 00:28:24]} {[%emt 00:00:59]} Bf3
{[%clk 00:13:43]} {[%emt 00:04:40]} 32. Rc3 {[%clk 00:27:42]} {[%emt 00:01:13]}
g4 {[%clk 00:12:52]} {[%emt 00:01:21]} 33. Bc2 {[%clk 00:25:21]} {[%emt
00:02:50]} Rd2 {[%clk 00:07:51]} {[%emt 00:05:31]} 34. Bxf5 {[%clk 00:22:40]}
{[%emt 00:03:11]} Raa2 {[%clk 00:08:10]} {[%emt 00:00:11]} 35. Bxg4 {[%clk
00:23:01]} {[%emt 00:00:09]} Bxg4 {[%clk 00:06:21]} {[%emt 00:02:20]} 36. hxg4
{[%clk 00:23:24]} {[%emt 00:00:07]} Rxf2 {[%clk 00:06:42]} {[%emt 00:00:09]} 37.
e6 {[%clk 00:22:06]} {[%emt 00:01:48]} Rg2+ {[%clk 00:04:35]} {[%emt 00:02:37]}
38. Kh1 {[%clk 00:22:29]} {[%emt 00:00:06]} Rh2+ {[%clk 00:04:56]} {[%emt
00:00:09]} 39. Kg1 {[%clk 00:22:55]} {[%emt 00:00:04]} Rag2+ {[%clk 00:04:52]}
{[%emt 00:00:34]} 40. Kf1 {[%clk 00:23:18]} {[%emt 00:00:07]} Rb2 {[%clk
00:05:12]} {[%emt 00:00:11]} 41. Kg1 {[%clk 00:23:42]} {[%emt 00:00:05]} Rhg2+
{[%clk 00:03:54]} {[%emt 00:01:48]} 42. Kh1 {[%clk 00:22:10]} {[%emt 00:02:02]}
fxe6 {[%clk 00:02:31]} {[%emt 00:01:54]} 43. Rxe6 {[%clk 00:22:21]} {[%emt
00:00:19]} Rh2+ {[%clk 00:02:45]} {[%emt 00:00:15]} 44. Kg1 {[%clk 00:22:45]}
{[%emt 00:00:06]} Rhg2+ {[%clk 00:03:03]} {[%emt 00:00:12]} 45. Kh1 {[%clk
00:23:05]} {[%emt 00:00:10]} Rh2+ {[%clk 00:03:26]} {[%emt 00:00:07]} 46. Kg1
{[%clk 00:23:32]} {[%emt 00:00:04]} Rbg2+ {[%clk 00:03:20]} {[%emt 00:00:36]}
47. Kf1 {[%clk 00:23:53]} {[%emt 00:00:08]} Rf2+ {[%clk 00:03:48]} {[%emt
00:00:03]} 48. Kg1 {[%clk 00:23:35]} {[%emt 00:00:47]} Rfg2+ {[%clk 00:03:54]}
{[%emt 00:00:24]} 49. Kf1 {[%clk 00:23:59]} {[%emt 00:00:06]} Rf2+ {[%clk
00:04:21]} {[%emt 00:00:03]} 50. Kg1 {[%clk 00:24:24]} {[%emt 00:00:06]}
1/2-1/2

[Event "FIDE World Cup 2025"]
[Site "Goa, India"]
[Date "2025.11.01"]
[Round "1.18"]
[White "Anton Guijarro, David"]
[Black "Silva, David"]
[Result "1-0"]
[TimeControl ": 90 minutes for the first 40 moves, followed by 30 minutes for the rest of the gamewith an increment of 30 seconds per move starting from move 1"]
[WhiteFideId "2285525"]
[BlackFideId "10101314"]
[WhiteElo "2631"]
[BlackElo "2347"]

1. d4 {[%clk 01:30:54]} {[%emt 00:00:05]} d5 {[%clk 01:30:32]} {[%emt
00:00:28]} 2. c4 {[%clk 01:30:47]} {[%emt 00:00:38]} c5 {[%clk 01:30:24]}
{[%emt 00:00:38]} 3. cxd5 {[%clk 01:29:34]} {[%emt 00:01:42]} Qxd5 {[%clk
01:30:44]} {[%emt 00:00:09]} 4. Nf3 {[%clk 01:28:56]} {[%emt 00:01:08]} cxd4
{[%clk 01:30:34]} {[%emt 00:00:40]} 5. Nc3 {[%clk 01:29:10]} {[%emt 00:00:16]}
Qa5 {[%clk 01:31:01]} {[%emt 00:00:04]} 6. Nxd4 {[%clk 01:28:30]} {[%emt
00:01:09]} Nf6 {[%clk 01:31:15]} {[%emt 00:00:16]} 7. Nb3 {[%clk 01:18:01]}
{[%emt 00:10:59]} Qh5 {[%clk 01:30:22]} {[%emt 00:01:22]} 8. f3 {[%clk
01:11:00]} {[%emt 00:07:32]} Nc6 {[%clk 01:19:58]} {[%emt 00:10:54]} 9. e4
{[%clk 01:09:16]} {[%emt 00:02:14]} e6 {[%clk 01:16:45]} {[%emt 00:03:43]} 10.
Bf4 {[%clk 01:05:41]} {[%emt 00:04:04]} e5 {[%clk 01:15:52]} {[%emt 00:01:24]}
11. Be3 {[%clk 01:04:48]} {[%emt 00:01:23]} Bb4 {[%clk 01:15:03]} {[%emt
00:01:19]} 12. Bb5 {[%clk 00:59:49]} {[%emt 00:05:29]} O-O {[%clk 01:12:12]}
{[%emt 00:03:21]} 13. Bxc6 {[%clk 00:59:56]} {[%emt 00:00:23]} bxc6 {[%clk
01:11:48]} {[%emt 00:00:54]} 14. O-O {[%clk 00:57:41]} {[%emt 00:02:44]} Qg6
{[%clk 01:09:52]} {[%emt 00:02:27]} 15. Rf2 {[%clk 00:51:12]} {[%emt 00:06:59]}
Nh5 {[%clk 01:09:00]} {[%emt 00:01:23]} 16. Bc5 {[%clk 00:45:16]} {[%emt
00:06:26]} Bxc5 {[%clk 01:06:45]} {[%emt 00:02:45]} 17. Nxc5 {[%clk 00:45:42]}
{[%emt 00:00:05]} Nf4 {[%clk 01:06:51]} {[%emt 00:00:23]} 18. Kh1 {[%clk
00:46:06]} {[%emt 00:00:06]} f5 {[%clk 01:07:14]} {[%emt 00:00:07]} 19. Qa4
{[%clk 00:39:51]} {[%emt 00:06:45]} fxe4 {[%clk 01:02:10]} {[%emt 00:05:34]} 20.
Qxe4 {[%clk 00:39:25]} {[%emt 00:00:56]} Qxe4 {[%clk 00:58:46]} {[%emt
00:03:54]} 21. N3xe4 {[%clk 00:39:09]} {[%emt 00:00:46]} Bf5 {[%clk 00:57:55]}
{[%emt 00:01:22]} 22. Rd2 {[%clk 00:32:37]} {[%emt 00:07:02]} Rad8 {[%clk
00:54:05]} {[%emt 00:04:20]} 23. Rad1 {[%clk 00:32:05]} {[%emt 00:01:02]} Rd5
{[%clk 00:54:28]} {[%emt 00:00:07]} 24. g3 {[%clk 00:32:15]} {[%emt 00:00:20]}
Rxd2 {[%clk 00:54:44]} {[%emt 00:00:14]} 25. Rxd2 {[%clk 00:32:38]} {[%emt
00:00:08]} Nd5 {[%clk 00:55:08]} {[%emt 00:00:05]} 26. Kg2 {[%clk 00:27:55]}
{[%emt 00:05:13]} h5 {[%clk 00:53:16]} {[%emt 00:02:21]} 27. Re2 {[%clk
00:24:19]} {[%emt 00:04:07]} h4 {[%clk 00:50:02]} {[%emt 00:03:45]} 28. Ng5
{[%clk 00:24:28]} {[%emt 00:00:20]} Rb8 {[%clk 00:44:44]} {[%emt 00:05:49]} 29.
Kg1 {[%clk 00:21:02]} {[%emt 00:03:56]} hxg3 {[%clk 00:44:07]} {[%emt
00:01:07]} 30. hxg3 {[%clk 00:21:28]} {[%emt 00:00:04]} g6 {[%clk 00:41:56]}
{[%emt 00:02:41]} 31. a3 {[%clk 00:17:04]} {[%emt 00:04:55]} Rb5 {[%clk
00:40:53]} {[%emt 00:01:32]} 32. Nce4 {[%clk 00:17:29]} {[%emt 00:00:05]} a5
{[%clk 00:38:44]} {[%emt 00:02:39]} 33. Nd6 {[%clk 00:15:55]} {[%emt 00:02:03]}
Bd3 {[%clk 00:38:49]} {[%emt 00:00:24]} 34. Nxb5 {[%clk 00:12:36]} {[%emt
00:03:50]} Bxe2 {[%clk 00:38:53]} {[%emt 00:00:26]} 35. Nd6 {[%clk 00:13:04]}
{[%emt 00:00:02]} Kg7 {[%clk 00:38:39]} {[%emt 00:00:43]} 36. Kf2 {[%clk
00:12:59]} {[%emt 00:00:36]} Ba6 {[%clk 00:35:42]} {[%emt 00:03:27]} 37. Nde4
{[%clk 00:11:27]} {[%emt 00:02:03]} Bc8 {[%clk 00:34:42]} {[%emt 00:01:30]} 38.
Nd6 {[%clk 00:07:49]} {[%emt 00:04:08]} Ba6 {[%clk 00:35:03]} {[%emt 00:00:08]}
39. Ne6+ {[%clk 00:04:25]} {[%emt 00:03:55]} Kf6 {[%clk 00:34:22]} {[%emt
00:01:11]} 40. Nc5 {[%clk 00:04:50]} {[%emt 00:00:05]} Ke7 {[%clk 00:34:36]}
{[%emt 00:00:14]} 41. Nde4 {[%clk 00:01:09]} {[%emt 00:04:12]} Bc8 {[%clk
00:34:40]} {[%emt 00:00:26]} 42. Nb3 {[%clk 00:23:26]} {[%emt 00:08:13]} a4
{[%clk 01:03:22]} {[%emt 00:01:49]} 43. Nbc5 {[%clk 00:23:53]} {[%emt
00:00:03]} Nb6 {[%clk 01:03:35]} {[%emt 00:00:17]} 44. Nc3 {[%clk 00:24:08]}
{[%emt 00:00:15]} Kd6 {[%clk 01:01:08]} {[%emt 00:02:55]} 45. N5xa4 {[%clk
00:24:05]} {[%emt 00:01:08]} 1-0